000 00554nam a2200205 a 4500
005 20210219153030.0
008 991125n 000 0 spa u
035 _aUPN01000073707
100 _aGOBERNADO ARRIBAS, Rafael, 1948-
222 _aREVISTA ESPAÑOLA DE PEDAGOGIA
245 _aEducación e ingresos en la España de 1991
300 _a251-267
362 _a1993 Año 51, no. 195 may.-ago.
653 0 _aESPAÑA
653 0 _aINGRESOS
653 0 _aNIVEL EDUCATIVO
653 0 _aSALARIOS
904 _aAC
_b011518
905 _aArticulo
999 _c66539
_d66539